| 000 | 00484nam a22001577a 4500 | ||
|---|---|---|---|
| 005 | 20230117135955.0 | ||
| 008 | 230117b |||||||| |||| 00| 0 eng d | ||
| 020 | _a9781444159370 (pbk) | ||
| 040 |
_aKMU _cKMU |
||
| 050 | _aHD 38 Man 2012 | ||
| 100 | _aMann,Sandi | ||
| 245 |
_aManaging Your Boss in A Week: _bLearn in A Week What the Experts learn in A lifetime/ _cSandi Mann |
||
| 260 |
_aLondon: _bHolder Education, _c2012. |
||
| 300 |
_a121 pages.: _bill.; _c19cm. |
||
| 942 |
_2lcc _cBK _n0 |
||
| 999 |
_c119 _d119 |
||